000 00889nam a22002297a 4500
003 UA-OsUOA
001 123983
007 ta
008 20170719b un ||||| |||| 00| 0 ukr d
100 _aКоробеев А. И.
090 _a343.241(470+5741)
_bК68
942 _cBK
040 _aUA-OsUOA
_brus
_cUA-OsUOA
_dUA-OsUOA
245 _aУголовная наказуемость общественно опасных деяний (основания установления, характер и реализация в деятельности органов внутренних дел)
_bучебное пособие
300 _a80 с.
955 _a2
041 _arus
080 _a343.241(470+5741)
260 _aХабаровск
_bХВШ МВД СССР
_c1986
650 7 _a343 Кримінальне право. Карні порушення
_2UDC
999 _c411185
_d411185